00544cam a2200169ua 4500001000400000008003900004040000900043082001200052245008200064250000900146260004400155300001400199653002200213653004400235653005900279700003600338363110330n ii |||gr||||Z||||||asm cMAIN a320.0111 aRajnaitik tattva aru rajniti bijnanar mul dharanasamuhcbyApurba Kumar Boruah a3rd. aGuwahati:bPurbanchal prakash,cAuthor. a252p:5cm. aPolitical science aPolitical theory and political concepts arajnaitik tattwa aru rajniti bigyanar mul dharanahomuh aBoruah, Apurba Kumar.,eApurba.